000 00691nam a2200217 4500
003 OSt
005 20230907083511.0
008 708 R549v
040 _cLado V
082 _a779
_bE18e
100 _9974
_aEchavarría, Juan Manuel
_eautor
245 _aEscuela Nueva/
260 _aNew York
_bUP & CO
_c1999
300 _a18p.
_c14.5x21.5cm
650 _2Tesauro de Arte & Arquitectura
_aARTE
_9702
650 _2Tesauro de Arte & Arquitectura
_aEXHIBICION
_9702
650 _2Tesauro de Arte & Arquitectura
_aFOTOGRAFÍA
_9702
650 _2Tesauro de Arte & Arquitectura
_aCULTURA
650 _2Tesauro de Arte & Arquitectura
_aCONTEXTOS
942 _2ddc
_c1
_h779
_iE18e
_n0
999 _c4271
_d4271